[Event "Tradewise Gibraltar Chess Festival 2014 "]
[Site "The Caleta Hotel - Gibraltar"]
[Date "2014.02.06"]
[Round "10.27"]
[White "Tan, Zhongyi"]
[Black "Sandipan, Chanda"]
[Result "1/2-1/2"]
[WhiteElo "2483"]
[BlackElo "2609"]
[PlyCount "64"]
[EventDate "2014.01.28"]

1. d4 d5 2. c4 e6 3. Nf3 Nf6 4. Nc3 Be7 5. Bg5 h6 6. Bh4 O-O 7. e3 b6 8. Bd3
Bb7 9. O-O Nbd7 10. Qe2 c5 11. Rfd1 Ne4 12. Bg3 Nxg3 13. hxg3 cxd4 14. Nxd4 Nf6
15. Rac1 Bb4 16. cxd5 Bxc3 17. Rxc3 Qxd5 18. Nf3 Qa5 19. a3 Rfc8 20. Rdc1 Rxc3
21. Rxc3 Qd5 22. Bc4 Qh5 23. Ba6 Be4 24. Nd2 Qxe2 25. Bxe2 Rd8 26. Nxe4 Nxe4
27. Rc4 Rd2 28. Rxe4 Rxe2 29. Ra4 Rxb2 30. Rxa7 Rb1+ 31. Kh2 Kf8 32. g4 Rb2
1/2-1/2

[Event "Tradewise Gibraltar Chess Festival 2014 "]
[Site "The Caleta Hotel - Gibraltar"]
[Date "2014.02.06"]
[Round "10.28"]
[White "Pardo Simon, David"]
[Black "Vocaturo, Daniele"]
[Result "0-1"]
[WhiteElo "2450"]
[BlackElo "2582"]
[PlyCount "138"]
[EventDate "2014.01.28"]

1. e4 c5 2. Nf3 d6 3. Bb5+ Nd7 4. O-O a6 5. Bd3 b5 6. c3 e5 7. Bc2 Ngf6 8. d4
Be7 9. Re1 O-O 10. Nbd2 Re8 11. Nf1 Bf8 12. b3 cxd4 13. cxd4 exd4 14. Bb2 Bb7
15. Ng3 Rc8 16. Nxd4 d5 17. exd5 Rxe1+ 18. Qxe1 Nxd5 19. Rd1 g6 20. Be4 N7f6
21. Bxd5 Qxd5 22. Nf3 Re8 23. Rxd5 Rxe1+ 24. Nxe1 Nxd5 25. Nd3 f5 26. Bd4 Nb4
27. Nxb4 Bxb4 28. f3 Kf7 29. Ne2 Bd6 30. Be3 Be7 31. Kf2 g5 32. g3 Ke6 33. f4
g4 34. Nd4+ Kf6 35. Bd2 b4 36. Be3 Be4 37. Ke1 Bf8 38. Kd2 Ke7 39. Nc2 Kd7 40.
Bd4 Kc6 41. Ne1 Kd5 42. Bb6 Kc6 43. Ba7 h5 44. Nd3 Kd5 45. Ke3 Bd6 46. Bb6 h4
47. Kd2 h3 48. Ke3 Be7 49. Kd2 Kc6 50. Bd4 a5 51. Ba7 Bd8 52. Bd4 Kd5 53. Ba7
Bf6 54. Ke3 Bc3 55. Bb6 Kc6 56. Bd4 Kb5 57. a4+ Kc6 58. Ne5+ Kd5 59. Bxc3 bxc3
60. Nc4 Kc5 61. Nxa5 Kb4 62. Nc4 Kxb3 63. Nd6 Kxa4 64. Ke2 Kb4 65. Kd1 Kc5 66.
Nf7 Kd4 67. Ke2 Bf3+ 68. Ke1 Ke3 69. Ne5 Be2 0-1

[Event "Tradewise Gibraltar Chess Festival 2014 "]
[Site "The Caleta Hotel - Gibraltar"]
[Date "2014.02.06"]
[Round "10.29"]
[White "Trent, Lawrence"]
[Black "Andersson, Ulf"]
[Result "1/2-1/2"]
[WhiteElo "2424"]
[BlackElo "2545"]
[PlyCount "60"]
[EventDate "2014.01.28"]

1. e4 e6 2. d4 d5 3. Nd2 c5 4. Ngf3 Nc6 5. exd5 exd5 6. Bb5 Bd6 7. dxc5 Bxc5 8.
O-O Nge7 9. Nb3 Bd6 10. Re1 O-O 11. Bd3 h6 12. h3 Nb4 13. Bf1 Bf5 14. Nbd4 Bg6
15. a3 Nbc6 16. Bd3 Rc8 17. Bxg6 Nxg6 18. Nf5 Bb8 19. Qd3 Qd7 20. c3 Nce5 21.
Nxe5 Nxe5 22. Qb1 Rfe8 23. Rd1 Rcd8 24. Qc2 Qc7 25. Ne3 Nc6 26. Nf1 d4 27. Bd2
a6 28. cxd4 Nxd4 29. Qxc7 Bxc7 30. Be3 Be5 1/2-1/2

[Event "Tradewise Gibraltar Chess Festival 2014 "]
[Site "The Caleta Hotel - Gibraltar"]
[Date "2014.02.06"]
[Round "10.30"]
[White "Spraggett, Kevin"]
[Black "Mikkelsen, Nikolaj"]
[Result "1-0"]
[WhiteElo "2544"]
[BlackElo "2423"]
[PlyCount "107"]
[EventDate "2014.01.28"]

1. c4 e5 2. Nc3 Nf6 3. Nf3 Nc6 4. g3 d5 5. cxd5 Nxd5 6. Bg2 Nb6 7. a3 Be6 8. b4
Be7 9. O-O Nd4 10. Rb1 Nxf3+ 11. Bxf3 Rb8 12. Qc2 O-O 13. d3 Qd7 14. Be3 Bg4
15. Bh1 Bh3 16. Rfd1 f5 17. Bc5 Kh8 18. a4 c6 19. Bxe7 Qxe7 20. b5 Rbc8 21.
bxc6 bxc6 22. Rdc1 f4 23. Ne4 c5 24. a5 Nd5 25. Rb5 h6 26. Bf3 Nb4 27. Qd2 Nc6
28. Rbxc5 Nd4 29. Rxc8 Bxc8 30. Qd1 Qa3 31. Ra1 Qb2 32. Kg2 Nxf3 33. exf3 Rd8
34. Rc1 Qa3 35. Rc5 Ba6 36. Rxe5 Qb2 37. Re7 Rxd3 38. Qe1 Re3 39. Qd1 Rd3 40.
Re8+ Kh7 41. Qa4 Bb5 42. Nf6+ Qxf6 43. Qxb5 Qg6 44. Qb8 Qf5 45. Rh8+ Kg6 46.
Rf8 Qe6 47. Qxf4 Rd5 48. Qc4 Re5 49. Qd3+ Kh5 50. Rf4 g5 51. Re4 a6 52. g4+ Kh4
53. Rxe5 Qxe5 54. Qg6 1-0

[Event "Tradewise Gibraltar Chess Festival 2014 "]
[Site "The Caleta Hotel - Gibraltar"]
[Date "2014.02.06"]
[Round "10.31"]
[White "Guo, Qi"]
[Black "Maze, Sebastien"]
[Result "1/2-1/2"]
[WhiteElo "2450"]
[BlackElo "2536"]
[PlyCount "85"]
[EventDate "2014.01.28"]

1. d4 Nf6 2. Nf3 g6 3. c4 Bg7 4. Nc3 O-O 5. e4 d6 6. Be2 c5 7. d5 e5 8. a3 Na6
9. h3 Nc7 10. b4 b6 11. g4 Nfe8 12. Bg5 f6 13. Bh4 Bd7 14. b5 Bh6 15. a4 a6 16.
Nd2 Ng7 17. Nf1 a5 18. Qd3 Rf7 19. f3 Qe7 20. Ne3 Raf8 21. O-O-O Bg5 22. Bxg5
fxg5 23. Ng2 Nge8 24. Rdf1 Kg7 25. Qe3 Rh8 26. h4 h6 27. hxg5 Qxg5 28. Qxg5
hxg5 29. Rxh8 Kxh8 30. Rh1+ Rh7 31. Rxh7+ Kxh7 32. Nd1 Nf6 33. Nf2 Kg7 34. Nh3
Kh6 35. Nf2 Nce8 36. Kd2 Kg7 37. Nh3 Nh7 38. Ne3 Nef6 39. Nf2 Nf8 40. Bf1 N8h7
41. Be2 Nf8 42. Bf1 N8h7 43. Be2 1/2-1/2

[Event "Tradewise Gibraltar Chess Festival 2014 "]
[Site "The Caleta Hotel - Gibraltar"]
[Date "2014.02.06"]
[Round "10.32"]
[White "Libiszewski, Fabien"]
[Black "Gaehwiler, Gabriel"]
[Result "1-0"]
[WhiteElo "2533"]
[BlackElo "2332"]
[PlyCount "119"]
[EventDate "2014.01.28"]

1. e4 c5 2. Nf3 d6 3. d4 cxd4 4. Qxd4 a6 5. h3 Nc6 6. Qe3 Nf6 7. c4 e6 8. Be2
Be7 9. O-O O-O 10. Rd1 Qc7 11. Nc3 Ne5 12. b3 Bd7 13. Ba3 Nxf3+ 14. Bxf3 Bc6
15. e5 dxe5 16. Bxe7 Qxe7 17. Bxc6 bxc6 18. Qxe5 Rfd8 19. Qa5 h6 20. Qb6 c5 21.
Rxd8+ Rxd8 22. Qxa6 Rd3 23. Qa8+ Kh7 24. Ne4 Rd4 25. Nxf6+ Qxf6 26. Qf3 Rf4 27.
Qd3+ g6 28. Rf1 Qb2 29. Qb1 Qd4 30. a4 e5 31. Qa1 Rf6 32. Qxd4 exd4 33. Ra1 Rb6
34. Ra3 Kg7 35. Kf1 Kf6 36. Ke2 Ke5 37. Kd3 Kd6 38. a5 Rb7 39. a6 Ra7 40. Ra4
Kc6 41. b4 cxb4 42. Kxd4 Rd7+ 43. Ke4 b3 44. Rb4 Ra7 45. Rxb3 Rxa6 46. Rf3 f5+
47. Ke5 Kc5 48. Rf4 h5 49. g3 Rb6 50. f3 Ra6 51. g4 fxg4 52. fxg4 g5 53. Rf5 h4
54. Rxg5 Ra3 55. Rh5 Rxh3 56. g5 Kxc4 57. g6 Kd3 58. g7 Rg3 59. Kf6 h3 60. Kf7
1-0

[Event "Tradewise Gibraltar Chess Festival 2014 "]
[Site "The Caleta Hotel - Gibraltar"]
[Date "2014.02.06"]
[Round "10.33"]
[White "Georgiadis, Nico"]
[Black "Khotenashvili, Bela"]
[Result "1/2-1/2"]
[WhiteElo "2436"]
[BlackElo "2527"]
[PlyCount "87"]
[EventDate "2014.01.28"]

1. e4 c6 2. Nc3 d5 3. Nf3 Nf6 4. e5 Ne4 5. d4 Nxc3 6. bxc3 Bg4 7. h3 Bxf3 8.
Qxf3 e6 9. a4 c5 10. Rb1 Qd7 11. Be2 Nc6 12. Qe3 c4 13. h4 O-O-O 14. Bg4 h5 15.
Bh3 Be7 16. g3 Kb8 17. Kf1 Rdg8 18. Qf3 Nd8 19. Ra1 f6 20. exf6 gxf6 21. Bf4+
Ka8 22. a5 a6 23. Re1 f5 24. Qe2 Bd6 25. Bg5 Re8 26. Bf6 Rh6 27. Bg5 Rhh8 28.
Bf6 Rh6 29. Bg5 Rhh8 30. Bf6 Rhf8 31. Bg5 Nc6 32. Qxh5 Nxa5 33. Qf3 Nc6 34. Kg2
Nd8 35. Qe3 Nf7 36. f4 Be7 37. Kf2 Qc6 38. Qd2 Nd6 39. Bg2 b5 40. Bf3 Kb7 41.
h5 Qd7 42. h6 Kb6 43. Ke2 a5 44. Kd1 {Unable to reconstruct remaining moves}
1/2-1/2

[Event "Tradewise Gibraltar Chess Festival 2014 "]
[Site "The Caleta Hotel - Gibraltar"]
[Date "2014.02.06"]
[Round "10.34"]
[White "Deac, Bogdan-Daniel"]
[Black "Gordon, Stephen J"]
[Result "1/2-1/2"]
[WhiteElo "2289"]
[BlackElo "2516"]
[PlyCount "133"]
[EventDate "2014.01.28"]

1. d4 Nf6 2. c4 e6 3. Nc3 Bb4 4. e3 O-O 5. Nge2 d5 6. a3 Bd6 7. c5 Be7 8. b4 b6
9. Nf4 c6 10. Be2 Nbd7 11. Bb2 Qc7 12. O-O bxc5 13. bxc5 e5 14. Nd3 e4 15. Ne1
Re8 16. Bc1 Nf8 17. Bd2 Ng6 18. Rb1 Nh4 19. g3 Nf5 20. Ng2 g6 21. Qa4 h5 22.
Nf4 Ng7 23. h4 Bd8 24. Ba6 Qd7 25. Nce2 Nh7 26. Kg2 g5 27. hxg5 Nxg5 28. Rh1
Nf3 29. Bc3 h4 30. Rh3 Bg5 31. Rbh1 Nf5 32. gxh4 N5xh4+ 33. Kf1 Rb8 34. Bb4
Bxa6 35. Qxa6 Qb7 36. Qxb7 Rxb7 37. Ng1 Bf6 38. Nxf3 Nxf3 39. Rg3+ Kf8 40. Kg2
Bg5 41. Ng6+ Kg7 42. Nh4 Nxh4+ 43. Rxh4 Kg6 44. Rh1 Ra8 45. Ba5 Re8 46. Bc3 Rc8
47. Bb4 Rb5 48. Rgh3 a5 49. Be1 Rb3 50. Bxa5 Rxa3 51. Bb6 Raa8 52. Rg3 Rh8 53.
Rxh8 Rxh8 54. Bc7 Kf5 55. Rh3 Rh4 56. Bg3 Rxh3 57. Kxh3 Bd8 58. Bf4 Ba5 59. Bb8
Bd8 60. Bf4 Kg6 61. Kg3 Kh5 62. f3 Bh4+ 63. Kg2 f5 64. Be5 Bg5 65. f4 Bd8 66.
Kf2 Kg4 67. Ke2 1/2-1/2

[Event "Tradewise Gibraltar Chess Festival 2014 "]
[Site "The Caleta Hotel - Gibraltar"]
[Date "2014.02.06"]
[Round "10.35"]
[White "Cmilyte, Viktorija"]
[Black "Paehtz, Elisabeth"]
[Result "*"]
[WhiteElo "2515"]
[BlackElo "2458"]
[PlyCount "62"]
[EventDate "2014.01.28"]

1. d4 d5 2. c4 c6 3. Nf3 Nf6 4. e3 Bg4 5. Qb3 Qb6 6. Nc3 e6 7. Nh4 Bh5 8. h3 g5
9. Nf3 h6 10. Bd3 Rg8 11. Ne5 Nfd7 12. cxd5 Nxe5 13. dxe5 Qxb3 14. axb3 exd5
15. g4 Bg6 16. Bxg6 Rxg6 17. f4 Nd7 18. Ne2 Nc5 19. Nd4 Ne4 20. f5 Rg8 21. Bd2
Bc5 22. b4 Bb6 23. Bc3 O-O-O 24. e6 fxe6 25. Nxe6 Rde8 26. Bd4 Bxd4 27. exd4 a6
28. O-O h5 29. Kg2 Re7 30. Rae1 Rh7 31. f6 Rf7 *

[Event "Tradewise Gibraltar Chess Festival 2014 "]
[Site "The Caleta Hotel - Gibraltar"]
[Date "2014.02.06"]
[Round "10.37"]
[White "Xu, Jun"]
[Black "Nakar, Eylon"]
[Result "1-0"]
[WhiteElo "2510"]
[BlackElo "2398"]
[PlyCount "89"]
[EventDate "2014.01.28"]

1. Nf3 Nf6 2. c4 g6 3. Nc3 Bg7 4. e4 d6 5. d4 O-O 6. Be2 e5 7. O-O Nc6 8. d5
Ne7 9. b4 a5 10. Ba3 Nh5 11. c5 Nf4 12. Nd2 axb4 13. Bxb4 dxc5 14. Bxc5 b6 15.
Bb4 Nxe2+ 16. Qxe2 Ba6 17. Nb5 Re8 18. Bxe7 Rxe7 19. a4 c6 20. dxc6 Rc8 21.
Rac1 Rec7 22. Rfd1 Qf6 23. Nf1 Rxc6 24. Rb1 Rc4 25. Rd6 Qf4 26. Rxb6 Rxe4 27.
Qd1 Bxb5 28. axb5 Rd4 29. Qe1 e4 30. g3 Qe5 31. Ra6 Rb8 32. b6 Rd6 33. Ra5 Rd5
34. Rxd5 Qxd5 35. Ne3 Qd3 36. b7 Bf8 37. Qd1 Bc5 38. Qxd3 exd3 39. Nc4 Ba7 40.
Kf1 Rd8 41. Na5 Re8 42. Rd1 Kg7 43. Rxd3 Kf6 44. Rf3+ Kg7 45. Ra3 1-0

[Event "Tradewise Gibraltar Chess Festival 2014 "]
[Site "The Caleta Hotel - Gibraltar"]
[Date "2014.02.06"]
[Round "10.39"]
[White "Van Kampen, Robin"]
[Black "Lejlic, Samir"]
[Result "1-0"]
[WhiteElo "2602"]
[BlackElo "2345"]
[PlyCount "55"]
[EventDate "2014.01.28"]

1. e4 Nc6 2. Nf3 d6 3. d4 Nf6 4. Nc3 Bg4 5. Be3 e6 6. h3 Bh5 7. d5 exd5 8. exd5
Nb8 9. g4 Bg6 10. Bg2 Be7 11. Nd4 Nfd7 12. Qe2 O-O 13. O-O-O Re8 14. f4 Bf6 15.
h4 c6 16. dxc6 Nxc6 17. Bxc6 bxc6 18. f5 c5 19. Ndb5 Rb8 20. fxg6 hxg6 21. Nxd6
Rxb2 22. Nxe8 Bxc3 23. Qc4 Qa5 24. Rxd7 Rxa2 25. Kd1 Ra1+ 26. Ke2 Rxh1 27. Rxf7
Kh7 28. Rf8 1-0

[Event "Tradewise Gibraltar Chess Festival 2014 "]
[Site "The Caleta Hotel - Gibraltar"]
[Date "2014.02.06"]
[Round "10.40"]
[White "Muzychuk, Anna"]
[Black "Abdumalik, Zhansaya"]
[Result "1/2-1/2"]
[WhiteElo "2566"]
[BlackElo "2344"]
[PlyCount "77"]
[EventDate "2014.01.28"]

1. e4 c5 2. Nf3 e6 3. c4 a6 4. Nc3 Qc7 5. Be2 b6 6. d4 cxd4 7. Nxd4 Nf6 8. O-O
Bb7 9. f3 d6 10. Be3 Be7 11. Qd2 O-O 12. Rac1 Nbd7 13. Rfd1 Rac8 14. b4 Rfe8
15. a3 Qb8 16. Nb3 h5 17. Bf1 h4 18. Qf2 Bc6 19. Rb1 Ba8 20. Rdc1 h3 21. g3 Ne5
22. Nd2 Bd8 23. Bd4 Nfd7 24. f4 Ng4 25. Qe2 e5 26. Qxg4 Nf6 27. Qxh3 exd4 28.
Nd5 b5 29. Nxf6+ Bxf6 30. Bd3 bxc4 31. Rxc4 Rxc4 32. Nxc4 Bxe4 33. Bxe4 Rxe4
34. Qf5 Re6 35. Rc1 g6 36. Qd3 Qb5 37. f5 Qxf5 38. Qxf5 gxf5 39. Rd1 1/2-1/2

[Event "Tradewise Gibraltar Chess Festival 2014 "]
[Site "The Caleta Hotel - Gibraltar"]
[Date "2014.02.06"]
[Round "10.42"]
[White "Rahman, Ziaur"]
[Black "Welling, Gerard"]
[Result "0-1"]
[WhiteElo "2499"]
[BlackElo "2326"]
[PlyCount "58"]
[EventDate "2014.01.28"]

1. d4 d5 2. Nf3 Nf6 3. c4 c6 4. e3 g6 5. Nc3 Bg7 6. Qb3 O-O 7. Bd2 e6 8. Rd1
Nbd7 9. Bd3 b6 10. e4 c5 11. e5 cxd4 12. exf6 dxc3 13. fxg7 cxd2+ 14. Rxd2 Re8
15. O-O e5 16. Qb5 Nc5 17. Bxg6 hxg6 18. Rxd5 Bd7 19. Qb4 Qf6 20. Qc3 Bc6 21.
Rxe5 Rxe5 22. Nxe5 Ne4 23. Qh3 Kxg7 24. Nxc6 Qxc6 25. Qd3 Nc5 26. Qa3 a5 27. h4
Rd8 28. Qg3 Qd6 29. Qa3 Qd3 0-1

[Event "Tradewise Gibraltar Chess Festival 2014 "]
[Site "The Caleta Hotel - Gibraltar"]
[Date "2014.02.06"]
[Round "10.43"]
[White "Popilski, Gil"]
[Black "Tate, Alan"]
[Result "1/2-1/2"]
[WhiteElo "2492"]
[BlackElo "2321"]
[PlyCount "84"]
[EventDate "2014.01.28"]

1. e4 c5 2. Nf3 d6 3. d4 Nf6 4. Nc3 cxd4 5. Nxd4 a6 6. Be2 e5 7. Nb3 Be7 8. Be3
Be6 9. Nd5 Nbd7 10. Qd3 Bxd5 11. exd5 O-O 12. O-O Nc5 13. Nxc5 dxc5 14. c4 Bd6
15. Rac1 e4 16. Qd2 Qc7 17. g3 Rae8 18. Kg2 b6 19. f4 exf3+ 20. Bxf3 Re7 21.
Bg5 Ne4 22. Bxe4 Rxe4 23. Rfe1 Rd4 24. Qf2 Rg4 25. Qf5 h5 26. Rc3 b5 27. Rce3
Qc8 28. Qxc8 Rxc8 29. cxb5 axb5 30. Re8+ Rxe8 31. Rxe8+ Kh7 32. Be3 h4 33. Bf2
hxg3 34. hxg3 Rg5 35. Rd8 Rxd5 36. Bxc5 Rxc5 37. Rxd6 Rc2+ 38. Kh3 Rxb2 39. Rb6
b4 40. Kg4 g6 41. Kf4 Kg7 42. g4 Rxa2 1/2-1/2

[Event "Tradewise Gibraltar Chess Festival 2014 "]
[Site "The Caleta Hotel - Gibraltar"]
[Date "2014.02.06"]
[Round "10.44"]
[White "Akesson, Ralf"]
[Black "Fuchs, Judith"]
[Result "0-1"]
[WhiteElo "2447"]
[BlackElo "2315"]
[PlyCount "118"]
[EventDate "2014.01.28"]

1. d4 Nf6 2. Nf3 b5 3. Bg5 Bb7 4. Nbd2 d5 5. e3 a6 6. c3 e6 7. b4 Nbd7 8. a4 c6
9. Bd3 h6 10. Bh4 Be7 11. O-O O-O 12. axb5 cxb5 13. Nb3 Ne4 14. Na5 Nd6 15. Bg3
Qc8 16. Nd2 Ra7 17. Ndb3 Nc4 18. Nc5 Nxc5 19. bxc5 Nb2 20. Qd2 Nxd3 21. Qxd3
Bc6 22. Ra2 Bd7 23. Rfa1 Qa8 24. f3 Qc8 25. Nb3 Qa8 26. Ra3 Qb7 27. Qd2 Rfa8
28. Na5 Qc8 29. R3a2 Be8 30. Qe1 Bd7 31. Be5 Bd8 32. Qg3 f6 33. Bd6 Bxa5 34.
Rxa5 Bc6 35. Qf4 Qb7 36. Rb1 Qd7 37. e4 Qd8 38. Rba1 Qc8 39. e5 f5 40. g4 g5
41. Qd2 f4 42. h4 Qe8 43. Kf2 Qg6 44. Rh1 Rh7 45. Ke2 Be8 46. Qd3 Qg7 47. Kd2
gxh4 48. Rxh4 Qg5 49. Rh2 h5 50. Rg2 Bg6 51. Qe2 hxg4 52. Rxg4 Qf5 53. Ke1 Qb1+
54. Kf2 Rh2+ 55. Rg2 Rxg2+ 56. Kxg2 Bd3 57. Qf2 Ra7 58. Kh3 Qh1+ 59. Kg4 Rg7+
0-1

[Event "Tradewise Gibraltar Chess Festival 2014 "]
[Site "The Caleta Hotel - Gibraltar"]
[Date "2014.02.06"]
[Round "10.46"]
[White "Salomon, Johan"]
[Black "Tania, Sachdev"]
[Result "1-0"]
[WhiteElo "2308"]
[BlackElo "2442"]
[PlyCount "69"]
[EventDate "2014.01.28"]

1. e4 e5 2. Nf3 Nc6 3. Bb5 a6 4. Ba4 Nf6 5. O-O b5 6. Bb3 Be7 7. Re1 d6 8. c3
O-O 9. h3 Nd7 10. d4 Bf6 11. a4 Bb7 12. axb5 axb5 13. Rxa8 Bxa8 14. d5 Ne7 15.
Na3 Qb8 16. Be3 c6 17. dxc6 Bxc6 18. Nd2 d5 19. Nc2 Rd8 20. Qg4 Bb7 21. Nb4 d4
22. cxd4 exd4 23. Bf4 Ne5 24. Bxe5 Bxe5 25. Nd3 Ng6 26. Nf3 Bc8 27. Qh5 Bf6 28.
e5 Be7 29. Nf4 Bb7 30. Qf5 Rf8 31. Nxd4 Qa7 32. e6 f6 33. Nde2 Nxf4 34. Nxf4
Qd4 35. Bc2 1-0

[Event "Tradewise Gibraltar Chess Festival 2014 "]
[Site "The Caleta Hotel - Gibraltar"]
[Date "2014.02.06"]
[Round "10.47"]
[White "Munguntuul, Batkhuyag"]
[Black "De Haan, Eric"]
[Result "1/2-1/2"]
[WhiteElo "2438"]
[BlackElo "2303"]
[PlyCount "116"]
[EventDate "2014.01.28"]

1. e4 c5 2. Nf3 e6 3. d4 cxd4 4. Nxd4 Nc6 5. Nc3 Qc7 6. Be2 a6 7. O-O Nf6 8. a4
Bb4 9. Bg5 Qe5 10. Nf3 Qc7 11. Bxf6 gxf6 12. Qd2 h5 13. Nd4 Nxd4 14. Qxd4 Bd6
15. Kh1 Be5 16. Qe3 Bf4 17. Qf3 Be5 18. a5 b5 19. axb6 Qxb6 20. Na4 Qc7 21. Qe3
Bf4 22. Qc5 Rb8 23. Ra2 a5 24. Qxc7 Bxc7 25. Nc5 h4 26. h3 Rg8 27. Nb3 Bb7 28.
Bd3 f5 29. Re1 fxe4 30. Bxe4 Rg5 31. Ra4 Re5 32. Re3 Bb6 33. f4 Rxe4 34. Rexe4
Bxe4 35. Rxe4 d5 36. Ra4 Rc8 37. c3 Ra8 38. g4 Kd7 39. Kg2 Rb8 40. Kf3 Bc7 41.
Nc5+ Kc6 42. b4 d4 43. cxd4 Rxb4 44. Rxb4 axb4 45. Ke4 Bd6 46. Nd3 b3 47. f5
exf5+ 48. gxf5 f6 49. Nb2 Bb4 50. Kd3 Kd5 51. Nc4 Be1 52. Ne3+ Kc6 53. Ng4 b2
54. Kc2 Bc3 55. Nxf6 Bxd4 56. Nh7 Kd5 57. Ng5 Bf6 58. Nf3 Ke4 1/2-1/2

[Event "Tradewise Gibraltar Chess Festival 2014 "]
[Site "The Caleta Hotel - Gibraltar"]
[Date "2014.02.06"]
[Round "10.48"]
[White "Wahlbom, Magnus"]
[Black "Kohlweyer, Bernd"]
[Result "0-1"]
[WhiteElo "2297"]
[BlackElo "2437"]
[PlyCount "98"]
[EventDate "2014.01.28"]

1. e4 c5 2. Nf3 e6 3. d4 cxd4 4. Nxd4 a6 5. Bd3 Qc7 6. O-O Nf6 7. Qe2 d6 8. c4
g6 9. Nc3 Bg7 10. Nc2 Nbd7 11. Ne3 O-O 12. Bd2 b6 13. Rac1 Bb7 14. Bb1 Rac8 15.
Kh1 Qb8 16. b3 h5 17. Rfe1 Rfe8 18. f4 d5 19. e5 d4 20. exf6 Nxf6 21. Qf2 dxe3
22. Qxe3 Ng4 23. Qg3 Red8 24. Re2 b5 25. h3 Nf6 26. cxb5 axb5 27. a3 Qa8 28. a4
b4 29. Na2 Rxc1+ 30. Nxc1 h4 31. Qe3 Nd5 32. Qf2 Nc3 33. Bxc3 bxc3 34. Bc2 Ba6
35. Be4 Qb8 36. Re1 Bf6 37. Qe3 Kg7 38. Nd3 Bd4 39. Qf3 f5 40. Bc6 Qxb3 41. Bb5
Bxb5 42. axb5 Qxb5 43. Rxe6 Bf6 44. Nc1 Qd5 45. Qe3 Qd4 46. Qe1 Qd1 47. Kg1 c2
48. Kf2 Bd4+ 49. Kf1 Bc3 0-1

[Event "Tradewise Gibraltar Chess Festival 2014 "]
[Site "The Caleta Hotel - Gibraltar"]
[Date "2014.02.06"]
[Round "10.49"]
[White "Houska, Jovanka"]
[Black "Sos Andreu, Eric"]
[Result "0-1"]
[WhiteElo "2415"]
[BlackElo "2285"]
[PlyCount "72"]
[EventDate "2014.01.28"]

1. d4 Nf6 2. Nf3 g6 3. c4 Bg7 4. g3 O-O 5. Bg2 c5 6. d5 d6 7. Nc3 e6 8. O-O
exd5 9. cxd5 Re8 10. Nd2 a6 11. a4 Nbd7 12. h3 Rb8 13. a5 b5 14. axb6 Nxb6 15.
e4 Nbd7 16. f4 Qc7 17. Kh2 c4 18. Nf3 Nc5 19. Ra3 Nd3 20. Be3 Nd7 21. Qa4 Rxb2
22. Nd2 Rb4 23. Qc2 N7c5 24. Na2 Rb2 25. Qxc4 Bd7 26. e5 Bb5 27. Qc3 dxe5 28.
f5 e4 29. f6 Bf8 30. Nc4 Bxc4 31. Qxc4 Bd6 32. Rc3 Ne5 33. Qxc5 Bxc5 34. Rxc5
Qd6 35. Rf2 Rxf2 36. Bxf2 Nd3 0-1

[Event "Tradewise Gibraltar Chess Festival 2014 "]
[Site "The Caleta Hotel - Gibraltar"]
[Date "2014.02.06"]
[Round "10.50"]
[White "Haugli, Petter"]
[Black "Tari, Aryan"]
[Result "1/2-1/2"]
[WhiteElo "2278"]
[BlackElo "2408"]
[PlyCount "123"]
[EventDate "2014.01.28"]

1. d4 Nf6 2. c4 g6 3. Nc3 d5 4. cxd5 Nxd5 5. e4 Nxc3 6. bxc3 Bg7 7. Bc4 c5 8.
Be3 Nc6 9. Ne2 O-O 10. O-O Bg4 11. f3 Bd7 12. Rb1 Qc7 13. Qd2 Rfd8 14. Rfc1 a6
15. Bf4 e5 16. Bg3 b5 17. Bd5 Rac8 18. Bxc6 Bxc6 19. d5 c4 20. Bf2 Bf8 21. Ng3
Be8 22. Nf1 a5 23. Ne3 Be7 24. Nc2 Rb8 25. a3 f6 26. Re1 Bd6 27. Kh1 Bd7 28.
Ra1 Rdc8 29. Qh6 Bf8 30. Qd2 Kg7 31. Bg3 Bd6 32. Re2 Rf8 33. Rae1 Rbe8 34. Qc1
Qb8 35. Ne3 f5 36. exf5 gxf5 37. Nd1 h6 38. Nf2 Kh7 39. Qb2 Qc7 40. Qa2 Re7 41.
Bh4 Rg7 42. Qc2 Kh8 43. Qd2 Rg6 44. Bg3 f4 45. Bh4 Bf5 46. Qb2 Qc5 47. Ne4 Bxe4
48. Rxe4 Qxd5 49. Be7 Rf5 50. Bxd6 Rxd6 51. h3 a4 52. Qb4 Rg5 53. Kh2 Kg7 54.
Qa5 Rd7 55. Qb6 Kh7 56. R1e2 Rb7 57. Qf6 Rf7 58. Qb6 Rb7 59. Qf6 Rf7 60. Qb6
Re7 61. Qf6 Rf7 62. Qb6 1/2-1/2

[Event "Tradewise Gibraltar Chess Festival 2014 "]
[Site "The Caleta Hotel - Gibraltar"]
[Date "2014.02.06"]
[Round "10.51"]
[White "Gukhvat, Peter"]
[Black "Zude, Arno"]
[Result "0-1"]
[WhiteElo "2268"]
[BlackElo "2400"]
[PlyCount "96"]
[EventDate "2014.01.28"]

1. d4 Nf6 2. Nf3 e6 3. e3 c5 4. c3 d5 5. Bd3 Be7 6. O-O O-O 7. Nbd2 b6 8. Qe2
Bb7 9. Ne5 Nbd7 10. f4 Ne4 11. Nxe4 dxe4 12. Bb5 Nf6 13. Bd2 a6 14. Ba4 b5 15.
Bc2 Ne8 16. a4 f6 17. Ng4 c4 18. b3 Bd5 19. b4 Nd6 20. a5 Bc6 21. Be1 Qc7 22.
Bg3 Qb7 23. h3 Be8 24. Qe1 Nf5 25. Bh2 Bc6 26. Rb1 Rad8 27. Rb2 Bd6 28. Nf2 Ne7
29. g4 f5 30. Bg3 Nd5 31. Bh4 Rc8 32. Nd1 Be8 33. Bb1 Bg6 34. Rff2 Qf7 35. Bg3
Kh8 36. Rh2 h6 37. Rbg2 Bh7 38. Nf2 Qe7 39. g5 Bg6 40. gxh6 gxh6 41. Nd1 Bh5
42. Bh4 Qf7 43. Nf2 Bf3 44. Rg3 Rg8 45. Nh1 Qh5 46. Kf1 Bxh1 47. Rxh1 Rxg3 48.
Qxg3 Rg8 0-1

[Event "Tradewise Gibraltar Chess Festival 2014 "]
[Site "The Caleta Hotel - Gibraltar"]
[Date "2014.02.06"]
[Round "10.52"]
[White "Kuipers, Stefan"]
[Black "Lombaers, Peter"]
[Result "1-0"]
[WhiteElo "2399"]
[BlackElo "2255"]
[PlyCount "81"]
[EventDate "2014.01.28"]

1. d4 f5 2. Bg5 g6 3. Nc3 Bg7 4. h4 d6 5. e3 h6 6. Bf4 Nd7 7. Qf3 e5 8. dxe5
dxe5 9. Bh2 c6 10. O-O-O Qf6 11. h5 Ne7 12. g4 e4 13. Qg3 Ne5 14. gxf5 gxf5 15.
f3 exf3 16. Nxf3 Nxf3 17. Rd6 Be6 18. Qxf3 Bd5 19. Qh3 Bxh1 20. Rxf6 Bxf6 21.
Bd6 Bd5 22. Nxd5 cxd5 23. Bb5+ Kf7 24. Bd7 Rad8 25. Bxe7 Rxd7 26. Bxf6 Kxf6 27.
e4 Rf8 28. Qxf5+ Ke7 29. Qe5+ Kd8 30. Qb8+ Ke7 31. Qe5+ Kd8 32. exd5 Kc8 33. c4
Rc7 34. b3 Rcf7 35. Kb2 b5 36. Qe6+ Kb8 37. Qd6+ Ka8 38. Qc6+ Rb7 39. c5 b4 40.
d6 Kb8 41. d7 1-0

[Event "Tradewise Gibraltar Chess Festival 2014 "]
[Site "The Caleta Hotel - Gibraltar"]
[Date "2014.02.06"]
[Round "10.53"]
[White "Martinez Reyes, Pedro Ramon"]
[Black "Tseitlin, Mark D"]
[Result "1-0"]
[WhiteElo "2246"]
[BlackElo "2389"]
[PlyCount "37"]
[EventDate "2014.01.28"]

1. e4 c5 2. Nf3 d6 3. Bb5+ Nd7 4. d4 Ngf6 5. e5 Qa5+ 6. Nc3 Ne4 7. Rb1 cxd4 8.
Qxd4 Nxc3 9. bxc3 a6 10. Bxd7+ Bxd7 11. exd6 Rd8 12. dxe7 Bxe7 13. Qxg7 Rf8 14.
O-O Bc6 15. Re1 Qc5 16. Bg5 f6 17. Bxf6 Rf7 18. Qg8+ Rf8 19. Bxe7 1-0

[Event "Tradewise Gibraltar Chess Festival 2014 "]
[Site "The Caleta Hotel - Gibraltar"]
[Date "2014.02.06"]
[Round "10.54"]
[White "Gandrud, Vegar Koi"]
[Black "Nezad, Husein Aziz"]
[Result "0-1"]
[WhiteElo "2242"]
[BlackElo "2372"]
[PlyCount "62"]
[EventDate "2014.01.28"]

1. d4 d5 2. c4 e6 3. Nc3 c6 4. e4 dxe4 5. Nxe4 Bb4+ 6. Bd2 Qxd4 7. Bxb4 Qxe4+
8. Be2 Na6 9. Bd6 Qxg2 10. Bf3 Qg5 11. Ne2 Ne7 12. Ng3 Qa5+ 13. Ke2 e5 14. b4
Qd8 15. b5 Be6 16. Rc1 Qb6 17. bxa6 Qxa6 18. Qd3 Ng6 19. Nh5 O-O-O 20. c5 Qa4
21. Be4 Bg4+ 22. f3 Rxd6 23. cxd6 Bxh5 24. Kf2 Nf4 25. Qd2 Bg6 26. d7+ Kd8 27.
Rhd1 Bxe4 28. Qd6 Bd5 29. a3 Qb3 30. Rxd5 Qxd5 31. Qb8+ Ke7 0-1